000 00263nam a2200109Ia 4500
008 200302s9999 xx 000 0 und d
100 _aJoseph W. Molitor
245 _aArchitectural Photo Graphy
260 _bJohn Wiley & Sons Inc.
260 _c1976
300 _a164 P.,
999 _c68
_d68